00576nam a22001337a 4500999001700000100007300017245011400090260002700204300000800231700005700239856003300296942001100329952010200340 c68190d68187 aAbdullah Khana14MIEM01aSupervisor - Prof . Dr Altaf Hussain Rajper aDiagnosis Failure Causes of Corrosion Inhibitor Pump plunger and Its Effect on System Performance (ME Thesis) aNawabshahbQUESTc2017 a49p aDepartment of Industrial Engineering and Management  uhttps://tinyurl.com/yns9ns42 cTHESIS 00104070aRESEARCHbRESEARCHd2023-03-28l0pMP/31-352r2023-03-28 00:00:00w2023-03-28yTHESIS